Portugal (Football) - Tous les Joueurs (2015-2026) - Statistiques

Statistiques générales
  • Ce quiz a été pris 470 fois
    356 depuis la dernière actualisation
  • Le résultat moyen est 44 sur 102
Statistiques - réponses
Matchs Début Joueur % Correct
223 2003 Cristiano Ronaldo
99%
141 2007 Pepe
92%
103 2015 Bernardo Silva
89%
53 2016 André Silva
86%
18 2022 Antonio Silva
86%
25 2014 Rafa Silva
86%
26 2014 Adrien Silva
85%
1 2024 Fabio Silva
85%
82 2017 Bruno Fernandes
84%
2 2024 Jota Silva
84%
1 2021 Rui Silva
84%
18 2023 Joao Neves
83%
60 2015 Ruben Neves
82%
31 2022 Vitinha
82%
39 2021 Nuno Mendes
80%
108 2010 Rui Patricio
78%
38 2021 Diogo Costa
75%
70 2018 Ruben Dias
74%
2 2018 Gedson Fernandes
72%
15 2005 Manuel Fernandes
72%
80 2003 Ricardo Quaresma
72%
1 2018 Pedro Mendes
70%
66 2002 Tiago Mendes
70%
3 2023 José Sa
69%
112 2006 Nani
69%
2 2024 Samu Costa
69%
1 2018 Hélder Costa
68%
47 2019 Joao Félix
68%
40 2021 Rafael Leao
68%
62 2016 Joao Cancelo
65%
49 2019 Diogo Jota
64%
18 2022 Gonçalo Ramos
63%
146 2005 Joao Moutinho
63%
80 2013 William Carvalho
63%
74 2015 Danilo Pereira
62%
89 2003 Ricardo Carvalho
62%
1 2018 Claudio Ramos
60%
35 2012 Éder
57%
32 2016 Renato Sanches
56%
44 2015 Nélson Semedo
53%
65 2014 Raphaël Guerreiro
52%
3 2020 Ruben Semedo
52%
14 2015 Anthony Lopes
49%
29 2021 Diogo Dalot
49%
7 2015 Ricardo Pereira
48%
2 2017 Rony Lopes
48%
19 2020 Pedro Neto
47%
50 2014 José Fonte
46%
19 2013 Luis Neto
45%
11 2024 Francisco Conceiçao
44%
17 2023 Gonçalo Inacio
44%
52 2009 Fabio Coentrao
39%
13 2020 Francisco Trincao
39%
56 2014 Joao Mario
39%
3 2023 Joao Mario
39%
12 2018 Mario Rui
39%
29 2014 André Gomes
37%
96 2007 Bruno Alves
37%
34 2014 Cédric Soares
36%
36 2021 Joao Palhinha
32%
32 2015 Gonçalo Guedes
28%
2 2015 Lucas Joao
28%
16 2021 Matheus Nunes
27%
22 2021 Otavio
26%
4 2021 Pedro Gonçalves
26%
5 2024 Renato Veiga
23%
21 2016 Gelson Martins
21%
4 2015 André André
20%
8 2013 André Almeida
18%
36 2009 Eduardo
18%
57 2004 Hugo Almeida
18%
2 2024 Nuno Tavares
18%
1 2017 Ricardo Ferreira
18%
12 2014 Ricardo Horta
18%
16 2009 Beto
16%
12 2017 Bruma
16%
29 2009 Eliseu
16%
1 2024 Tomas Araujo
15%
17 2012 Nélson Oliveira
14%
1 2015 Paulo Oliveira
14%
13 2018 Sérgio Oliveira
14%
17 2012 Pizzi
13%
25 2013 Vieirinha
12%
27 2007 Bosingwa
9%
3 2017 Kévin Rodrigues
9%
56 2007 Miguel Veloso
9%
2 2019 Dyego Sousa
8%
3 2020 Paulinho
8%
27 2010 Varela
8%
1 2015 André Pinto
7%
1 2020 Daniel Podence
7%
38 2008 Danny
7%
21 2009 Rolando
6%
1 2024 Tiago Djalo
6%
13 2007 Antunes
4%
2 2017 Gonçalo Paciência
4%
2 2023 Toti
4%
3 2020 Domingos Duarte
3%
1 2017 Edgar Ié
3%
1 2015 Daniel Carriço
2%
1 2015 Ukra
2%
1 2017 Marafona
1%
Aucun quiz correspondant
Distribution des résultats
% des personnes avec chaque résultat
Percentile par nombre de réponses
Votre historique - résultats
Vous n’avez pas pris ce quiz depuis la dernière actualisation